Business Communication and Report Writing Simplified (Record no. 2898)

MARC details
005 - DATE AND TIME OF LATEST TRANSACTION
control field 20250530134614.0
020 ## - INTERNATIONAL STANDARD BOOK NUMBER
International Standard Book Number 9966-28-646-2
082 ## - DEWEY DECIMAL CLASSIFICATION NUMBER
Classification number 651.75 SAL
100 ## - MAIN ENTRY--PERSONAL NAME
Author name SALEEMI, N .A.
245 ## - TITLE STATEMENT
Title Business Communication and Report Writing Simplified
260 ## - PUBLICATION, DISTRIBUTION, ETC.
Place of publication, distribution, etc. Nairobi,
Name of publisher, distributor, etc. Saleemi publications Ltd,
Date of publication, distribution, etc. 2013.
300 ## - PHYSICAL DESCRIPTION
Extent v, 468p.:figures.
Dimensions 23cm.
942 ## - ADDED ENTRY ELEMENTS (KOHA)
Source of classification or shelving scheme Dewey Decimal Classification
Koha item type Books
Holdings
Date last seen Total checkouts Full call number Barcode Cost, replacement price Price effective from Koha item type Lost status Source of classification or shelving scheme Damaged status Not for loan Withdrawn status Home library Current library Shelving location Date acquired Cost, normal purchase price
05/30/2025   651.75 SAL 00000010490 108000.00 05/30/2025 Books   Dewey Decimal Classification       College of Business Education Main Library College of Business Education Main Library Special Reserve Collection 06/17/2014 36000.00
05/30/2025   651.75 SAL 00000010491 108000.00 05/30/2025 Books   Dewey Decimal Classification       College of Business Education Main Library College of Business Education Main Library Special Reserve Collection 06/17/2014 36000.00
05/30/2025   651.75 SAL 00000010492 108000.00 05/30/2025 Books   Dewey Decimal Classification       College of Business Education Main Library College of Business Education Main Library Special Reserve Collection 06/17/2014 36000.00
06/02/2025   651.75 SAL 00000010633 54000.00 06/02/2025 Books   Dewey Decimal Classification       College of Business Education Main Library College of Business Education Main Library General Collection 08/09/2008 18000.00